[Event "IND-ch U17 Girls 34th"]
[Site "Chandigarh"]
[Date "2024.07.17"]
[Round "4"]
[White "Dhruvi, Shrikant Panigrahi"]
[Black "Kale, Shruti"]
[Result "0-1"]
[WhiteElo "1686"]
[BlackElo "1805"]
[PlyCount "76"]
[EventDate "2024.07.15"]
[EventType "swiss"]
[EventRounds "11"]
[EventCountry "IND"]
[SourceTitle "CBM 221 Extra"]
[Source "ChessBase"]
[SourceDate "2024.09.30"]
[SourceVersion "1"]
[SourceVersionDate "2024.09.30"]
[SourceQuality "1"]

1. c4 Nf6 2. g3 e6 3. Bg2 d5 4. Nf3 Be7 5. d4 0-0 6. Nc3 Nbd7 7. cxd5 exd5 8. 0-0 Re8 9. Qb3 c6 10. Re1 Nf8 11. Ne5 Ng6 12. e4 Nxe5 13. dxe5 Nxe4 14. Nxe4 dxe4 15. Bxe4 Qc7 16. Qc2 h6 17. f4 Bh3 18. Be3 a5 19. Bd4 Bb4 20. Re3 Rad8 21. Rd3 Rxd4 22. Rxd4 Qb6 23. Qf2 Bc5 24. Rad1 f5 25. Bg2 Bg4 26. R1d3 Kh7 27. h3 Rd8 28. Kh2 Bxd4 29. Qc2 Bh5 30. e6 c5 31. e7 Re8 32. Rb3 Qe6 33. g4 Bg6 34. Rxb7 fxg4 35. Qd1 gxh3 36. Bxh3 Qe4 37. f5 Qxb7 38. fxg6+ Kh8 0-1

[Event "IND-ch U19 Girls"]
[Site "Ahmedabad"]
[Date "2023.09.27"]
[Round "10"]
[White "Kale, Shruti"]
[Black "Akshaya, Sathi"]
[Result "1/2-1/2"]
[WhiteElo "1567"]
[BlackElo "1446"]
[PlyCount "65"]
[EventDate "2023.09.20"]
[EventType "swiss"]
[EventRounds "11"]
[EventCountry "IND"]
[SourceTitle "CBM 216 Extra"]
[Source "ChessBase"]
[SourceDate "2023.11.30"]
[SourceVersion "1"]
[SourceVersionDate "2023.11.30"]
[SourceQuality "1"]

1. e4 c5 2. Nf3 d6 3. d4 cxd4 4. Nxd4 Nf6 5. Nc3 a6 6. Bg5 e6 7. f4 h6 8. Bxf6 Qxf6 9. Qd2 Bd7 10. 0-0-0 Nc6 11. Nf3 Qd8 12. g4 Qc7 13. Bg2 0-0-0 14. Kb1 Na5 15. Qf2 Kb8 16. g5 Nc4 17. Rd3 Rc8 18. h4 d5 19. Nd2 Bc5 20. Qg3 Nxd2+ 21. Rxd2 d4 22. Nd1 Bb5 23. Bf1 hxg5 24. Qxg5 Bb4 25. Rdh2 Ba4 26. Bd3 f6 27. Qg4 Qd7 28. Rg1 Rc7 29. Rhg2 Rhc8 30. b3 Bb5 31. Bxb5 Qxb5 32. a4 Qd7 33. Qf3 1/2-1/2

[Event "IND-ch (Women) 48th"]
[Site "Hatkanangale"]
[Date "2023.01.05"]
[Round "11"]
[White "Pushpalata, Mangal"]
[Black "Kale, Shruti"]
[Result "0-1"]
[WhiteElo "1697"]
[BlackElo "1413"]
[PlyCount "44"]
[EventDate "2022.12.26"]
[EventType "swiss"]
[EventRounds "11"]
[EventCountry "IND"]
[SourceTitle "CBM 212 Extra"]
[Source "ChessBase"]
[SourceDate "2023.03.31"]
[SourceVersion "1"]
[SourceVersionDate "2023.03.31"]
[SourceQuality "1"]

1. Nf3 d5 2. d4 Nf6 3. g3 g6 4. Bg2 Bg7 5. 0-0 0-0 6. Re1 c5 7. c3 Nc6 8. Nbd2 cxd4 9. cxd4 Bf5 10. Nf1 Qb6 11. Ne3 Be4 12. Nc2 Rac8 13. Na3 Bxf3 14. exf3 Nxd4 15. Rxe7 Ne6 16. Bh3 Rc6 17. Qe2 Qb4 18. Rxe6 fxe6 19. Bxe6+ Kh8 20. Bh3 Re8 21. Qd3 Re1+ 22. Bf1 Rcxc1 0-1

[Event "IND-ch (Women) 48th"]
[Site "Hatkanangale"]
[Date "2022.12.28"]
[Round "3"]
[White "Kale, Shruti"]
[Black "Potluri, Saye Srreezza"]
[Result "1/2-1/2"]
[WhiteElo "1413"]
[BlackElo "2024"]
[PlyCount "60"]
[EventDate "2022.12.26"]
[EventType "swiss"]
[EventRounds "11"]
[EventCountry "IND"]
[SourceTitle "CBM 212 Extra"]
[Source "ChessBase"]
[SourceDate "2023.03.31"]
[SourceVersion "1"]
[SourceVersionDate "2023.03.31"]
[SourceQuality "1"]

1. e4 e5 2. Nf3 Nc6 3. Bc4 Nf6 4. d3 Bc5 5. c3 a6 6. Nbd2 d6 7. Bb3 Ba7 8. Nf1 Ne7 9. Ng3 Ng6 10. 0-0 0-0 11. Be3 Bxe3 12. fxe3 Ng4 13. Qe2 Kh8 14. Nf5 Ne7 15. h3 Nxf5 16. exf5 Nh6 17. e4 g6 18. Qe3 Kg7 19. Nxe5 gxf5 20. Nc4 fxe4 21. dxe4 f5 22. e5 d5 23. Rad1 Be6 24. Rf3 Nf7 25. Rg3+ Kh8 26. Qf4 Qe7 27. Ne3 c6 28. Nxf5 Bxf5 29. Qxf5 Qxe5 30. Qxe5+ Nxe5 1/2-1/2